LEADER 01260nam0-22004451i-450- 001 990000842070403321 005 20130513165141.0 010 $a0-387-90156-6 035 $a000084207 035 $aFED01000084207 035 $a(Aleph)000084207FED01 035 $a000084207 100 $a20130513d1975----km-y0itay50------ba 101 1 $aeng 102 $aUS 105 $ay-------001yy 200 1 $aMethods of numerical mathematics$fG.I. Marchuk$gtranslated by Jiri Ruzicka 210 $aNew York$cSpringer-Verlag$d1975 215 $aXII, 316 p.$d24 cm 225 1 $aApplications of mathematics$v2 610 0 $aCalcolo delle variazioni 610 0 $aDifferenze finite 610 0 $aIntegrali di Fourier 610 0 $aTrasformazioni di Fourier e Laplace 610 0 $aFunzioni di variabile complessa 676 $a519.4 676 $a517.4 700 1$aMarcuk,$bGurij Ivanovic$049044 702 1$aRuzicka,$bJiri 801 0$aIT$bUNINA$gRICA$2UNIMARC 901 $aBK 912 $a990000842070403321 952 $a02 44 E 9$b2604$fFINBN 952 $aC-39-(2$b17827$fMA1 952 $a16-111$b10385$fFI1 959 $aFINBN 959 $aMA1 959 $aFI1 996 $aMethods of Numerical Mathematics$9342225 997 $aUNINA LEADER 00911nam0-22003251i-450- 001 990002008690403321 005 20130326143700.0 035 $a000200869 035 $aFED01000200869 035 $a(Aleph)000200869FED01 035 $a000200869 100 $a20030910d1947----km-y0itay50------ba 101 0 $aita 102 $aNL 105 $ay---a---001yy 200 1 $a<>ciclo del batterio simbionte di Blattella germanica(L)$fElio Borghese 210 $aAmsterdam$cW. Junk$d1947 215 $a18 p.$d25 cm 300 $aEstr. da Mycopathologia, 4 (2) 610 0 $aSimbiosi 610 0 $aBatteri 676 $a591.524 700 1$aBorghese,$bElio$084952 801 0$aIT$bUNINA$gRICA$2UNIMARC 901 $aBK 912 $a990002008690403321 952 $a61 III D.1/14$b2356$fDAGEN 959 $aDAGEN 996 $aCiclo del batterio simbionte di Blattella germanica(L$9402647 997 $aUNINA LEADER 01363nam--2200421---450 001 990000513820203316 005 20220406100328.0 010 $a3-8053-0847-7 035 $a0051382 035 $aUSA010051382 035 $a(ALEPH)000051382USA01 035 $a0051382 100 $a20010618d1985----km-y0itay0103----ba 101 $ager 102 $aDE 105 $a||||||||001yy 200 1 $aDionysos der Erlöser$egriechische Mythen im spätantiken Cypern$fWiktor A. Daszewski 210 $aMainz am Rhein$cP. von Zabern$dc1985 215 $a52 p.$c15 carte di tav.; ill.$d26 cm 225 2 $aTrierer beitrage zur Altertumskunde$v2 225 2 $aKulturgeschichte der antiken Welt, Sonderband 410 $12001$aTrierer beitrage zur Altertumskunde$v2 410 $12001$aKulturgeschichte der antiken Welt, Sonderband 606 0 $aMosaici romani$yCipro 606 0 $aPavimenti$xMosaici$yCipro 606 0 $aPaphos (Cipro)$xAntichità romane 606 0 $aDioniso nell'Arte 606 0 $aMitologia greca nell'arte 606 0 $aCipro$xAntichità romane 676 $a729.7 700 1$aDASZEWSKI,$bWiktor A.$0399885 801 0$aIT$bsalbc$gISBD 912 $a990000513820203316 951 $aXI.2.B. 81(X B COLL. 106/2)$b95431 L.M.$cX B COLL. 959 $aBK 969 $aUMA 996 $aDionysos der Erlöser$9886856 997 $aUNISA LEADER 02475nam 2200589 450 001 9910157604203321 005 20210208203154.0 010 $a612-4191-85-7 010 $a612-4041-64-2 035 $a(CKB)3710000000528837 035 $a(EBL)1999117 035 $a(OCoLC)913797757 035 $a(SSID)ssj0001492915 035 $a(PQKBManifestationID)11861110 035 $a(PQKBTitleCode)TC0001492915 035 $a(PQKBWorkID)11506340 035 $a(PQKB)11154615 035 $a(MiAaPQ)EBC4184883 035 $a(OCoLC)1105860287 035 $a(FlNmELB)ELB41292 035 $a(EXLCZ)993710000000528837 100 $a20150416h20112011 uy 0 101 0 $aspa 135 $aur|n|---||||| 181 $ctxt 182 $cc 183 $acr 200 10$aGobierno electro?nico $eana?lisis de los conceptos de tecnologi?a, comodidad y democracia /$fJoaqui?n Yrivarren Espinoza 210 1$aLima, Peru :$cUniversidad Peruana de Ciencias Aplicadas,$d2011. 210 2$aLima, Peru :$cYoPublico S.A.C.,$d[date of distribution not identified] 210 4$d©2011 215 $a1 online resource (180 p.) 300 $aDescription based upon print version of record. 311 $a612-4041-55-3 320 $aContiene bibliografi?a. 330 $a Este libro de Joaqui?n Yrivarren nos propone una descripcio?n curiosa y detallada del gobierno electro?nico, aterrizando su concepto en la experiencia de la Municipalidad de Miraflores (2003-2006). Para ello, se combina los aportes de los estudios sociales de la ciencia y tecnologi?a y, de la mano, se presenta un ana?lisis sobre la comunicacio?n de los asuntos pu?blicos en el nuevo ambiente electro?nico. En este sentido, se reflexiona sobre los conceptos de comodidad y democracia. Se da cuenta desde el inicio que el gobierno electro?nico rompe con el estilo burocra?tico de gestio?n al adoptar tecnolog 606 $aInternet in public administration 606 $aElectronic voting 606 $aCommunication in public administration 607 $aPeru? 615 0$aInternet in public administration. 615 0$aElectronic voting. 615 0$aCommunication in public administration. 676 $a352.3802854678 700 $aYrivarren Espinoza$b Joaqui?n$01205074 801 0$bMiAaPQ 801 1$bMiAaPQ 801 2$bMiAaPQ 906 $aBOOK 912 $a9910157604203321 996 $aGobierno electro?nico$92781065 997 $aUNINA